Biología /

No se han escatimado esfuerzos por actualizar el contenido y atributos pedagógicos de esta nueva edición (incluido que por primera vez en español se publica a todo color), de modo que se presente de manera precisa cada aspecto de la biología moderna.\En todo el libro se insiste en tres temas básicos...

Full description

Bibliographic Details
Main Author: Solomón, Eldra Pearl
Other Authors: Martin, Diana W., Berg, Linda R.
Format: Libro
Language:Spanish
Published: México Mcgraw-hill Interamericana 2001
Edition:5a. ed.
Subjects:
Online Access:

MARC

LEADER 00000cam a2200000 a 4500
001 017891
003 UAHC_CL
005 20170803121543.0
008 080903s2001 mx 000 spa
020 |a 9789701033685 
040 |a UAHC_CL  |c UAHC_CL  |d UAHC_CL 
082 0 4 |a 574  |b S689  |2 21 
100 1 |a Solomón, Eldra Pearl 
245 1 0 |a Biología /  |c Eldra Pearl Solomón, Linda R. Berg, Diana W. Martin ; Traducción Roberto Palacios Martinez, Gabriel González Loyola. 
250 |a 5a. ed. 
260 |b Mcgraw-hill Interamericana  |a México  |c 2001 
300 |a xxxii, 1237, 93 p.  |b il. (algunas col.) 
520 |a No se han escatimado esfuerzos por actualizar el contenido y atributos pedagógicos de esta nueva edición (incluido que por primera vez en español se publica a todo color), de modo que se presente de manera precisa cada aspecto de la biología moderna.\En todo el libro se insiste en tres temas básicos: transmisión de la información, evolución de la vida, y flujo de energía por los sistemas vivos. Al presentar los conceptos de la biología moderna, se explica el modo en que estos temas están relacionados y en que la vida depende de ellos. También se insiste en el proceso de la ciencia y en la función de los muchos científicos que han contribuido a nuestra comprensión actual de la biología. Como en ediciones previas, en ésta se incluyen diversos auxiliares didácticos para que el estudiante domine conceptos vertidos. 
521 |a Comprensión del medio natural, cultural y social 
650 4 |a BIOLOGIA 
653 |a PEDAGOGIA EN EDUCACION PARVULARIA 
700 1 |a Martin, Diana W. 
700 1 |a Berg, Linda R. 
900 |a 574 SOL 
942 |c BK 
952 |0 0  |1 0  |4 0  |6 574_000000000000000_SOL  |7 0  |8 General  |9 35801  |a BC  |b BC  |c General  |d 2017-08-03  |l 0  |o 574 SOL  |p 1365048  |r 2026-01-13 00:00:00  |t 1  |w 2017-08-03  |y BK 
952 |0 0  |1 0  |4 0  |6 574_000000000000000_SOL  |7 0  |8 General  |9 35802  |a BC  |b BC  |c General  |d 2017-08-03  |l 0  |o 574 SOL  |p 1365109  |r 2026-01-13 00:00:00  |t 2  |w 2017-08-03  |y BK 
999 |c 17891  |d 17891